Statistics for Countries with embassies and consulates in Oman

Click here to take the quiz!

General Stats

  • This quiz has been taken 36 times
  • The average score is 43 of 50

Answer Stats

ContinentCountry% Correct
EuropeFrance
97%
EuropeGermany
97%
AsiaIran
97%
AsiaPakistan
97%
AsiaSaudi Arabia
97%
AsiaAfghanistan
94%
South AmericaBrazil
94%
AsiaChina
94%
AsiaJapan
94%
AsiaQatar
94%
Asia/ EuropeRussia
94%
AsiaSouth Korea
94%
Asia/ EuropeTurkey
94%
North AmericaUnited States of America
94%
AsiaYemen
94%
AfricaAlgeria
90%
AfricaEgypt
90%
AsiaIndia
90%
AsiaIndonesia
90%
AsiaIraq
90%
EuropeItaly
90%
AsiaJordan
90%
AfricaKenya
90%
AsiaKuwait
90%
AsiaLebanon
90%
AfricaLibya
90%
AfricaSouth Africa
90%
EuropeUnited Kingdom
90%
AsiaBangladesh
87%
AsiaKazakhstan
87%
AsiaMalaysia
87%
EuropeSpain
87%
AfricaSudan
87%
AfricaTunisia
87%
EuropeSwitzerland
84%
AsiaSyria
84%
AsiaBahrain
81%
AfricaMorocco
81%
AsiaSingapore
81%
AfricaSomalia
81%
AsiaThailand
81%
Asiathe Philippines
81%
AfricaTanzania
77%
Europethe Netherlands
77%
AsiaBrunei
71%
AsiaNepal
71%
AsiaSri Lanka
71%
AfricaSenegal
61%
AsiaPalestine
45%
AsiaCyprus
39%

Score Distribution

Percentile by Number Answered

Percent of People with Each Score

Your Score History

You have not taken this quiz